Sports Quiz

Random Sports Quiz
Score 0/18 Timer 05:00
0 Plays Today
Game Answer % Correct
2012 ECF Game 7Adam Henrique
77.3%
2000 SCF Game 6Jason Arnott
72.7%
2012 ECQF Game 7 Adam Henrique
68.2%
2012 ECQF Game 6Travis Zajac
45.5%
2012 ECSF Game 3Alexei Ponikarovsky
40.9%
1995 ECQF Game 4Randy McKay
36.4%
1995 ECSF Game 4Neal Broten
31.8%
1988 Wales CF Game 2Doug Brown
31.8%
2001 ECSF Game 3Brian Rafalski
27.3%
Game Answer % Correct
2009 ECQF Game 3Travis Zajac
27.3%
2003 ECSF Game 2Jamie Langenbrunner
22.7%
2001 ECSF Game 2Randy McKay
18.2%
2003 ECSF Game 5Grant Marshall
18.2%
2007 ECQF Game 4 Scott Gomez
18.2%
1994 ECF Game 1Stephane Richer
18.2%
1994 ECSF Game 4Stephane Richer
18.2%
2007 ECSF Game 2Jamie Langenbrunner
13.6%
2008 ECQF Game 3John Madden
13.6%
Remove Ads.
Support Sporcle.
Get the best of Sporcle when you Go Orange. This ad-free experience offers more features, more stats, and more fun while also helping to support Sporcle. Thank you for becoming a member.

You're not logged in!

Compare scores with friends on all Sporcle quizzes.
OR
Log In

Show Comments

Extras

Created Jan 13, 2015ReportNominate
Tags:Devil, goal, Playoff, Scorer

Top Quizzes Today


Score Distribution

Your Account Isn't Verified!

In order to create a playlist on Sporcle, you need to verify the email address you used during registration. Go to your Sporcle Settings to finish the process.

Report this User

Report this user for behavior that violates our Community Guidelines.

Details: